000 00764cam a22002533a 4500
001 1326
003 PGUSA
005 20140828082959.0
008 980501s1998||||xxu|||||s|||||000 | eng d
040 _aPGUSA
_beng
042 _adc
050 4 _aDK
100 1 _aRansome, Arthur,
_d1884-1967
245 1 4 _aThe Crisis in Russia
_h[electronic resource] /
_cArthur Ransome
260 _bProject Gutenberg,
_c1998
506 _aPublic domain in the USA.
516 _aElectronic text
653 _aSoviet Union -- Politics and government -- 1917-1936
653 _aSoviet Union -- Economic conditions -- 1917-1945
653 _aCommunism -- Soviet Union
830 0 _aProject Gutenberg
_v1326
856 4 0 _uhttp://www.gutenberg.org/ebooks/1326
942 _cEB
999 _c230674
_d230674